Statistics for Star Wars Characters and Actors

Click here to take the quiz!

General Stats

  • This quiz has been taken 849 times
    (831 since last reset)
  • The average score is 34 of 46

Answer Stats

TrilogyHintCharacter or Actor% Correct
OriginalAspiring JediLuke Skywalker
99%
OriginalPrincessLeia Organa
98%
OriginalFather of #1 (Voice)Darth Vader
96%
OriginalFather of #1 (Body)Darth Vader
96%
OriginalScruffy-looking Nerf herderHan Solo
96%
PrequelSlave boy turned JediAnakin Skywalker
95%
OriginalProtocol DroidC-3PO
95%
PrequelMentor of the aboveObi-Wan Kenobi
95%
OriginalDesert hermitObi-Wan Kenobi
95%
OriginalAstromech DroidR2-D2
95%
OriginalSpeaks like this, he doesYoda
95%
OriginalBoss of the aboveEmperor Palpatine
93%
OriginalWalking CarpetChewbacca
92%
OriginalAspiring JediMark Hamill
91%
PrequelQueen of NabooPadme Amidala
91%
PrequelRed and black skinned SithDarth Maul
90%
OriginalScruffy-looking Nerf herderHarrison Ford
89%
PrequelClumsy GunganJar-Jar Binks
88%
OriginalPrincessCarrie Fisher
86%
PrequelMentor of the aboveQui-Gon Jinn
86%
SequelScavenger turned JediRey
86%
PrequelOwner of a purple lightsaberMace Windu
85%
PrequelOwner of a purple lightsaberSamuel L. Jackson
84%
PrequelMentor of the aboveEwan McGregor
83%
SequelSon of #2 and #3Kylo Ren
81%
SequelDisillusioned StormtrooperFinn
79%
PrequelQueen of NabooNatalie Portman
78%
PrequelElderly Sith apprenticeCount Dooku
77%
SequelResistance PilotPoe Dameron
75%
OriginalFather of #1 (Voice)James Earl Jones
73%
PrequelMentor of the aboveLiam Neeson
73%
OriginalDesert hermitSir Alec Guinness
68%
SequelSon of #2 and #3Adam Driver
64%
PrequelSlave boy turned JediHayden Christensen
64%
SequelScavenger turned JediDaisy Ridley
61%
PrequelElderly Sith apprenticeChristopher Lee
57%
SequelResistance PilotOscar Isaac
54%
OriginalSpeaks like this, he doesFrank Oz
46%
SequelDisillusioned StormtrooperJohn Boyega
46%
OriginalProtocol DroidAnthony Daniels
40%
OriginalWalking CarpetPeter Mayhew
35%
OriginalBoss of the aboveIan McDiarmid
33%
OriginalFather of #1 (Body)David Prowse
30%
OriginalAstromech DroidKenny Baker
29%
PrequelRed and black skinned SithRay Park
29%
PrequelClumsy GunganAhmed Best
23%

Score Distribution

Percentile by Number Answered

Percent of People with Each Score

Your Score History

You have not taken this quiz since the last reset